| 000 | 00738nam a2200265Ia 4500 | ||
|---|---|---|---|
| 003 | OSt | ||
| 005 | 20220928131112.0 | ||
| 006 | a|||||r|||| 00| 0 | ||
| 007 | ta | ||
| 008 | 220927b |||||||| |||| 00| 0 eng d | ||
| 024 | _a126124 | ||
| 037 |
_bGift, 17/03/2015, _cTextual |
||
| 040 |
_aSDCL _cSDCL _beng |
||
| 041 |
_2eng _aeng |
||
| 082 | _aG11, Q5 | ||
| 100 |
_aPlopper George Ed. _9477120 |
||
| 245 | 0 | _aLewin's cells | |
| 250 | _a3rd | ||
| 260 |
_aNew Delhi _bJones and Bartlett India Pvt. Ltd. _c2015 |
||
| 300 |
_axxiii;1056p _ccm. |
||
| 650 |
_aGift _9391569 |
||
| 700 | _a Sharp David Ed. | ||
| 942 |
_hG11, Q5 _cTEXL _2CC |
||
| 999 |
_c789592 _d789592 |
||